| 000 | 00625nam a2200205Ia 4500 | ||
|---|---|---|---|
| 008 | 191130s2005##################000#0#eng## | ||
| 020 | _a9788131207994 | ||
| 022 | _a2006271622 | ||
| 040 |
_aACL _cACL |
||
| 082 | _a332.6457 LOA | ||
| 100 | _aLoader, David | ||
| 245 |
_aClearing and settlement of derivatives _cDavid Loader |
||
| 260 |
_aAmsterdam _bElsevier _cc2005 |
||
| 300 | _axiii, 273 p. : ill. ; 24 cm | ||
| 500 | _aIncludes bibliographical references (p. [245]-247) and index | ||
| 650 | _aDerivative securities | ||
| 990 | _a38c1bbf0ac10000c0c73826846679766 | ||
| 991 | _a154954 | ||
| 999 |
_c249634 _d249634 |
||